000 003150000a22001570004500
003 MACL
040 _aMACL
090 _c46158
_d46156
100 _aChristie, Agatha
245 _aOrdeal By Innocence
260 _bHarper
_c2003
350 _a175
650 _aFiction
942 _cBOOK
_k823
951 _o823 BOOK
999 _c45678
_d45678